[Event "Asian Girls Chess Championship 2022"]
[Site "Knights Templar Hotel, Tagaytay City"]
[Date "2022.11.19"]
[Round "1"]
[Board "1"]
[White "Serikbay, Assel"]
[Black "Elisabeth, Christine"]
[Result "1-0"]
[WhiteElo "2250"]
[BlackElo "1825"]
[PlyCount "0"]
[EventDate "2022.11.19"]
[EventRounds "9"]
[EventCountry "ACF"]

1. d4 Nf6 2. c4 g6 3. g3 Bg7 4. Bg2 O-O 5. e4 d6 6. Nc3 Nc6 7. Nge2 e5 8. d5 Ne7
9. O-O Nd7 10. f4 exf4 11. Bxf4 a5 12. Rc1 h6 13. Qd2 g5 14. Be3 Ne5 15. Nb5 b6 16.
h3 Bd7 17. Nbd4 Qc8 18. g4 Qa6 19. Qc2 Rac8 20. b3 c5 21. dxc6 N7xc6 22. Nf5 Bxf5
23. exf5 f6 24. Qd2 Rfd8 25. Nc3 Nb4 26. Qd4 Ned3 27. Rcd1 Nc5 28. Bf2 Kh7 29. Nd5
Nxd5 30. Bxd5 Nd7 31. Be6 Rc6 32. Rfe1 Ne5 33. Rxe5 fxe5 34. Qe4 Rc7 35. f6+ Kh8
36. Qg6 Qa8 37. Bf5 Bxf6 38. Qxf6+ Kg8 39. Qxh6 Rg7 40. Be6+ Kf8 41. Qf6+  1-0

[Event "Asian Girls Chess Championship 2022"]
[Site "Knights Templar Hotel, Tagaytay City"]
[Date "2022.11.19"]
[Round "1"]
[Board "2"]
[White "Sadey, Rinoa Mariel"]
[Black "Rakshitta, Ravi"]
[Result "0-1"]
[WhiteElo "1819"]
[BlackElo "2219"]
[PlyCount "0"]
[EventDate "2022.11.19"]
[EventRounds "9"]
[EventCountry "ACF"]

1. e4 d5 2. exd5 Nf6 3. d4 Bg4 4. Nf3 Qxd5 5. Be2 Nc6 6. h3 Bxf3 7. Bxf3 Qd6 8. c3
e5 9. O-O O-O-O 10. Qa4 e4 11. Be2 Kb8 12. b4 Nd5 13. b5 Nce7 14. Qc2 f5 15. a4 Ng6
16. Re1 Ndf4 17. Bf1 Nh4 18. Bxf4 Qxf4 19. Qd2 g5 20. Bc4 Bd6 21. Qxf4 gxf4 22. Nd2
Rd7 23. Kh1 Rg7 24. Rg1 Rf8 25. Nf1 Rf6 26. Nh2 Rfg6 27. Bf1 f3 28. g3 e3 29. Re1
Re7 30. Rxe3 Rxe3 31. fxe3 f2 32. Rg2 Nxg2 33. Bxg2 Rxg3 34. Nf1 Rg7 35. Nd2 Re7
36. Nf1 Ba3 37. Kh2 Bc1 38. Kg3 Bxe3 39. Kf3 f4 40. h4 Rg7 41. Bh3 c6 42. Bf5 cxb5
43. axb5 Rc7 44. d5 h6 45. d6 Rxc3 46. d7 Kc7  0-1

[Event "Asian Girls Chess Championship 2022"]
[Site "Knights Templar Hotel, Tagaytay City"]
[Date "2022.11.19"]
[Round "1"]
[Board "3"]
[White "Kairbekova, Amina"]
[Black "Dhea, Safitri"]
[Result "1-0"]
[WhiteElo "2212"]
[BlackElo "1787"]
[PlyCount "0"]
[EventDate "2022.11.19"]
[EventRounds "9"]
[EventCountry "ACF"]

1. e4 e5 2. Nf3 Nc6 3. Bb5 a6 4. Ba4 Nf6 5. O-O Be7 6. d3 b5 7. Bb3 d6 8. a4 Bg4
9. c3 O-O 10. h3 Bd7 11. Ba2 h6 12. Re1 Re8 13. Nbd2 Bf8 14. Nf1 Be6 15. Bxe6 fxe6
16. g4 g5 17. Ng3 Qd7 18. d4 exd4 19. cxd4 Na5 20. Bd2 Nc4 21. Bc3 Qf7 22. b3 Nb6
23. Qd3 bxa4 24. bxa4 a5 25. Reb1 d5 26. e5 Nfd7 27. h4 gxh4 28. Nxh4 Be7 29. Ng2
Qh7 30. Qe2 Reb8 31. f4  1-0

[Event "Asian Girls Chess Championship 2022"]
[Site "Knights Templar Hotel, Tagaytay City"]
[Date "2022.11.19"]
[Round "1"]
[Board "4"]
[White "Tan, Mary Joy"]
[Black "Nurgali, Nazerke"]
[Result "1/2-1/2"]
[WhiteElo "1751"]
[BlackElo "2197"]
[PlyCount "0"]
[EventDate "2022.11.19"]
[EventRounds "9"]
[EventCountry "ACF"]

1. Nf3 d5 2. d4 Nf6 3. c4 e6 4. g3 dxc4 5. Bg2 Nc6 6. Qa4 Bb4+ 7. Bd2 Nd5 8. Bxb4
Ndxb4 9. O-O Rb8 10. Na3 O-O 11. Qb5 b6 12. Qxc4 Ba6 13. Nb5 Qd5 14. Qxd5 Nxd5 15.
a4 Rfc8 16. Rfc1 Bxb5 17. axb5 Na5 18. Nd2 c6 19. bxc6 Nxc6 20. e3 Na5 21. Bf1 Nb4
22. Rc3 Nd5 23. Rcc1 g6 24. Kg2 Kf8 25. Ba6 Rd8 26. Ra4 Rd7 27. b4 Nb7 28. Ne4 Nd8
29. Bb5 Re7 30. Nd6 f5 31. Nc8 Rc7 32. Rxc7 Nxc7 33. Nxa7 Ra8 34. Nc6 Rxa4 35. Bxa4
Nxc6 36. Bxc6 b5 37. f3 Ke7 38. e4 Kd6 39. Bb7 fxe4 40. fxe4 e5 41. d5 Ke7 42. Kf3
Ne8 43. Bc6 Nd6 44. h3 h6 45. h4 Kd8 46. Ke3 Kc7 47. Kf3 Kd8 48. Ke3 Kc7 49. Kd3
Kd8 50. Ke3 Ke7  1/2-1/2

[Event "Asian Girls Chess Championship 2022"]
[Site "Knights Templar Hotel, Tagaytay City"]
[Date "2022.11.19"]
[Round "1"]
[Board "5"]
[White "Bach, Ngoc Thuy Duong"]
[Black "Femil, Chelladurai"]
[Result "1-0"]
[WhiteElo "2164"]
[BlackElo "1657"]
[PlyCount "0"]
[EventDate "2022.11.19"]
[EventRounds "9"]
[EventCountry "ACF"]

1. d4 d5 2. c4 e6 3. Nc3 Nf6 4. cxd5 exd5 5. Bg5 Be7 6. e3 Be6 7. Bd3 O-O 8. Nge2
c5 9. O-O Nc6 10. dxc5 Bxc5 11. Nf4 h6 12. Nxe6 fxe6 13. Bh4 Ne5 14. Bc2 Rc8 15.
Ne2 Nc4 16. b3 Ne5 17. Bg3 Nf7 18. Nf4 Qd7 19. Ng6 Rfe8 20. Bh4 Bd6 21. Bxf6 gxf6
22. f4 Qc7 23. Bd3 f5 24. Qh5 Qc3 25. Rad1 d4 26. Rf3 dxe3 27. Rg3 Qg7 28. Bc4 Bc5
29. Qe2 Kh7 30. Ne5 Qf6 31. Nd7 Qe7 32. Nxc5 Qxc5 33. Qxe3 Red8 34. Re1 Qxe3+ 35.
Rgxe3 Nd6 36. Bxe6 Rc2 37. Rd3 Kg6 38. b4 Rc7 39. Bb3 Kg7 40. Red1 Rc6 41. h3 Kf6
42. g4 fxg4 43. hxg4 a6 44. Kg2 b5 45. Rd5 Rd7 46. Re5 Re7 47. Rde1  1-0

[Event "Asian Girls Chess Championship 2022"]
[Site "Knights Templar Hotel, Tagaytay City"]
[Date "2022.11.19"]
[Round "1"]
[Board "6"]
[White "Calimbo, Marian"]
[Black "Zahedifar, Anahita"]
[Result "0-1"]
[WhiteElo "1611"]
[BlackElo "2121"]
[PlyCount "0"]
[EventDate "2022.11.19"]
[EventRounds "9"]
[EventCountry "ACF"]

1. d4 Nf6 2. Nc3 d5 3. Bg5 Bf5 4. Bxf6 gxf6 5. e3 c6 6. Bd3 Bxd3 7. Qxd3 Nd7 8. Nf3
Qc7 9. O-O-O O-O-O 10. Kb1 e5 11. Qf5 e4 12. Ng1 Bb4 13. Nge2 Rdg8 14. g3 Rg5 15.
Qh3 Kb8 16. a3 Be7 17. Qf1 Nb6 18. Nc1 Nc4 19. Nb3 Ka8 20. Qe2 Rb8 21. f3 f5 22.
Ka2 b5 23. Ra1 h5 24. Rhg1 Rbg8 25. fxe4 fxe4 26. Rgf1 Bd6 27. a4 Bb4 28. Nb1  0-1

[Event "Asian Girls Chess Championship 2022"]
[Site "Knights Templar Hotel, Tagaytay City"]
[Date "2022.11.19"]
[Round "1"]
[Board "7"]
[White "Mahdian, Anousha"]
[Black "Susmita, Bhowmick"]
[Result "1-0"]
[WhiteElo "2081"]
[BlackElo "1331"]
[PlyCount "0"]
[EventDate "2022.11.19"]
[EventRounds "9"]
[EventCountry "ACF"]

1. d4 d5 2. Nf3 Nf6 3. c4 e6 4. g3 Nbd7 5. Bg2 c6 6. O-O Bd6 7. Qc2 O-O 8. Nc3 b6
9. cxd5 exd5 10. Nh4 Bb7 11. Nf5 Bc7 12. Bg5 Qe8 13. Nxd5 Nxd5 14. Bxd5 Bxg3 15.
hxg3 cxd5 16. Be7 Qc8 17. Qd2 Qc6 18. Bxf8 Qf6 19. Nxg7 Nxf8 20. Nh5 Qf5 21. Qh6
Qg6 22. Qxg6+ hxg6 23. Nf4 Re8 24. e3 Nh7 25. Rfc1 Re7 26. Rc3 g5 27. Nd3 Ba6 28.
Nb4 Bc4 29. b3 a5 30. Nc6 Re6 31. Nd8 Re8 32. bxc4 Rxd8 33. Rb1 dxc4 34. Rxb6 Rc8
35. d5 Nf8 36. Rc6  1-0

[Event "Asian Girls Chess Championship 2022"]
[Site "Knights Templar Hotel, Tagaytay City"]
[Date "2022.11.19"]
[Round "1"]
[Board "8"]
[White "Cruz, Daniella Bianca"]
[Black "Asgharzadeh, Mitra"]
[Result "0-1"]
[WhiteElo "1233"]
[BlackElo "2001"]
[PlyCount "0"]
[EventDate "2022.11.19"]
[EventRounds "9"]
[EventCountry "ACF"]

1. e4 g6 2. Nf3 Bg7 3. g3 d6 4. Bg2 e5 5. d3 Ne7 6. Nc3 O-O 7. O-O f5 8. Bg5 c6 9.
Nd2 f4 10. Ne2 h6 11. Bxe7 Qxe7 12. c3 Nd7 13. d4 Nf6 14. gxf4 exd4 15. cxd4 d5 16.
e5 Nh5 17. Qc2 Bf5 18. Qc3 Bg4 19. f3 Be6 20. Qe3 Rf7 21. Nb3 Raf8 22. Nc5 Nxf4 23.
Nxf4 Rxf4 24. Nxe6 Qxe6 25. Rac1 h5 26. Rc3 Bh6 27. Qf2 Bg5 28. Rb3 R8f7 29. Rd3
Bd8 30. a3 Bb6 31. Qe3 Bd8 32. Qf2 Qf5 33. Qe3 Bg5 34. Qe2 Rh4 35. Rf2 Re7 36. b4
b6 37. Qc2 c5 38. bxc5 bxc5 39. dxc5 Qxe5 40. Rc3 Be3 41. Qxg6+ Rg7 42. Rxe3 Qxh2+
43. Kf1 Rxg6  0-1

[Event "Asian Girls Chess Championship 2022"]
[Site "Knights Templar Hotel, Tagaytay City"]
[Date "2022.11.20"]
[Round "2"]
[Board "1"]
[White "Zahedifar, Anahita"]
[Black "Serikbay, Assel"]
[Result "0-1"]
[WhiteElo "2121"]
[BlackElo "2250"]
[PlyCount "0"]
[EventDate "2022.11.19"]
[EventRounds "9"]
[EventCountry "ACF"]

1. Nf3 Nf6 2. c4 e6 3. g3 d5 4. Bg2 Be7 5. O-O O-O 6. d4 c6 7. a4 Na6 8. Ne5 Nb4
9. a5 c5 10. Be3 dxc4 11. Nc3 Nbd5 12. dxc5 Nxe3 13. Qxd8 Rxd8 14. fxe3 Bxc5 15.
Rad1 Rf8 16. Nb5 Nd5 17. Bxd5 exd5 18. Nc7 Bh3 19. Rf3 Rad8 20. Rxd5 Bd6 21. Rxd6
Rxd6 22. g4 Rc8 23. Nb5 Rd5 24. Nxf7 Bxg4 25. Rf4 Rxb5 26. Nd6 Rxb2 27. Rxg4 Rc5
28. Re4 h6 29. Nxc4 Rb4 30. Re8+ Kh7 31. Nd6 Rd5 32. Ne4 Rxa5 33. Re7 Kg6 34. Nd6
Kf6 35. Rc7 Re5 36. Kf2 Re7 37. Rc5 Ke6 38. Nc8 Rf7+ 39. Kg3 a6 40. Rc3 h5 41. Rd3
Rd7 42. Rc3 g5 43. Rc5 h4+ 44. Kh3 Rd5 45. Rc3 Re5 46. Kg2 Kd7 47. h3 Re6 48. Na7
Rb2 49. Kf3 Rb4 50. Rc5 Rf6+ 51. Kg2 g4 52. hxg4 Rxg4+ 53. Kh3 Rg3+ 54. Kxh4 Rg8
 0-1

[Event "Asian Girls Chess Championship 2022"]
[Site "Knights Templar Hotel, Tagaytay City"]
[Date "2022.11.20"]
[Round "2"]
[Board "2"]
[White "Rakshitta, Ravi"]
[Black "Mahdian, Anousha"]
[Result "1-0"]
[WhiteElo "2219"]
[BlackElo "2081"]
[PlyCount "0"]
[EventDate "2022.11.19"]
[EventRounds "9"]
[EventCountry "ACF"]

1. e4 c6 2. d4 d5 3. e5 Bf5 4. h4 h5 5. Bd3 Bxd3 6. Qxd3 Qa5+ 7. Nd2 e6 8. Ngf3 Nh6
9. O-O Nf5 10. Nb3 Qa6 11. Qd1 b6 12. Bg5 c5 13. dxc5 Bxc5 14. Re1 Nc6 15. c3 Qa4
16. Qd3 Rc8 17. Nxc5 bxc5 18. b3 Qa3 19. Nd2 Rc7 20. Rad1 O-O 21. Qf3 Qa5 22. Rc1
c4 23. Qxh5 Qxa2 24. bxc4 f6 25. exf6 gxf6 26. Bf4 Rh7 27. Qf3 Ne5 28. Bxe5 fxe5
29. Qd1 e4 30. Ra1 Qb2 31. cxd5 exd5 32. Ra5 e3 33. fxe3 Qxc3 34. Rxd5 Nxe3 35. Rg5+
Kh8 36. Qe2 Nc2 37. Qf2 Qc8 38. Nf3 Rd8 39. Rc1 Rc7 40. Rh5+ Kg8 41. Rxc2 Rxc2 42.
Qg3+ Kf8 43. Qf4+ Ke8 44. Qe4+ Kd7 45. Ne5+ Kc7 46. Qxc2+ Kb8 47. Nc6+ Ka8 48. Qe4
Qb7 49. Rh7 Rd1+ 50. Kh2 Rd7 51. Rh8+  1-0

[Event "Asian Girls Chess Championship 2022"]
[Site "Knights Templar Hotel, Tagaytay City"]
[Date "2022.11.20"]
[Round "2"]
[Board "3"]
[White "Asgharzadeh, Mitra"]
[Black "Kairbekova, Amina"]
[Result "0-1"]
[WhiteElo "2001"]
[BlackElo "2212"]
[PlyCount "0"]
[EventDate "2022.11.19"]
[EventRounds "9"]
[EventCountry "ACF"]

1. d4 Nf6 2. Nc3 d5 3. Bf4 g6 4. e3 Bg7 5. h4 O-O 6. h5 c5 7. hxg6 fxg6 8. Qd2 Nc6
9. O-O-O Qa5 10. Kb1 c4 11. e4 Be6 12. Bh6 Nxe4 13. Nxe4 dxe4 14. c3 Qf5 15. Be3
Bd5 16. Ne2 b5 17. Ng3 Qe6 18. Be2 b4 19. Ka1 a5 20. Rh4 a4 21. a3 Na5 22. Qc2 Nb3+
23. Qd2 Na5 24. Qc2 Nb3+ 25. Ka2 Nxd4 26. Qc1 Nb5 27. Rxd5 Qxd5 28. Rxe4 Rac8 29.
Bg4 Rc6 30. axb4 a3 31. Rxe7 axb2 32. Rxg7+ Kxg7 33. Kxb2 Qxg2 34. Bh6+ Kg8 35. Bxf8
Qxf2+ 36. Ne2 Qxf8 37. Qg5 Nc7 38. Nd4 Rf6 39. Qe5 Qg7 40. Be2 h5 41. Bxc4+ Kh7 42.
Kb3 Rf8 43. Qc5 h4 44. Qg5 Qf6 45. Qg4 Qf4 46. Qd7+ Kh6 47. Ne2 Qe5 48. b5 Qe4 49.
Kb2 Qxc4 50. Qd2+ Kh7 51. Nf4 Nxb5  0-1

[Event "Asian Girls Chess Championship 2022"]
[Site "Knights Templar Hotel, Tagaytay City"]
[Date "2022.11.20"]
[Round "2"]
[Board "4"]
[White "Chua, Jia-Tien"]
[Black "Bach, Ngoc Thuy Duong"]
[Result "0-1"]
[WhiteElo "1858"]
[BlackElo "2164"]
[PlyCount "0"]
[EventDate "2022.11.19"]
[EventRounds "9"]
[EventCountry "ACF"]

1. e4 c5 2. Nf3 d6 3. d4 cxd4 4. Nxd4 Nf6 5. Nc3 a6 6. Bc4 e6 7. Bb3 Nbd7 8. Bg5
Nc5 9. Qf3 Be7 10. O-O Qc7 11. Rfe1 O-O 12. Qg3 Kh8 13. Rad1 h6 14. Bxf6 Bxf6 15.
Nf3 Be7 16. Nd4 b5 17. f4 Bb7 18. a3 Nxb3 19. cxb3 Bf6 20. Qf2 Rad8 21. Rd3 Rfe8
22. Red1 Qc5 23. b4 Qc4 24. b3 Qc8 25. a4 bxa4 26. bxa4 e5 27. Nf5 exf4 28. Nd5 Bxd5
29. Rxd5 Be5 30. Qd2 Qc4 31. Nxd6 Bxd6 32. Rxd6 Rxd6 33. Qxd6 Rxe4 34. b5 axb5 35.
axb5 Qxb5 36. Qf8+ Kh7 37. Qxf7 Qc5+ 38. Kf1 Qb5+ 39. Kg1 Qe5 40. h3 Qg5 41. Qb7
Qg6 42. Rf1 h5 43. Qd5 h4 44. Qd2 Qg3 45. Qc2 Qe3+ 46. Kh2 Kh6 47. Rf3 Qe1 48. Qc6+
g6 49. Qc5 Qg3+ 50. Kg1 Re1+ 51. Rf1 Re8 52. Rf3 Qe1+ 53. Kh2 g5 54. Qd6+ Kh5 55.
Qc5 Qg3+ 56. Kg1 Re1+ 57. Rf1 Re2 58. Qd5 Qe3+ 59. Kh2 Kh6 60. Rd1 f3 61. Qc6+ Kh5
62. Qc7 Qf4+ 63. Qxf4 gxf4 64. Rf1 f2 65. g4+ fxg3+ 66. Kg2 Re1  0-1

[Event "Asian Girls Chess Championship 2022"]
[Site "Knights Templar Hotel, Tagaytay City"]
[Date "2022.11.20"]
[Round "2"]
[Board "5"]
[White "Nurgali, Nazerke"]
[Black "Bhagyashree, Patil"]
[Result "1-0"]
[WhiteElo "2197"]
[BlackElo "1921"]
[PlyCount "0"]
[EventDate "2022.11.19"]
[EventRounds "9"]
[EventCountry "ACF"]

1. d4 d5 2. Nf3 e6 3. c4 Nf6 4. Nc3 Be7 5. Bg5 b6 6. cxd5 exd5 7. e3 Bb7 8. Bd3 Nbd7
9. Rc1 O-O 10. O-O c5 11. Qe2 c4 12. Bf5 g6 13. Bh3 Ne4 14. Bh6 Nxc3 15. bxc3 Re8
16. Nd2 b5 17. f3 a5 18. e4 Ra6 19. e5 Ba3 20. Rce1 Nf8 21. Nb1 Be7 22. f4 Bc8 23.
f5 Bg5 24. Bxf8 Rxf8 25. e6 fxe6 26. fxe6 Re8 27. Qf3 Kh8 28. e7 Bxe7 29. Bxc8 Qxc8
30. Qxd5 Bf8 31. Qxb5 Rae6 32. Rxe6 Qxe6 33. Nd2 Bh6 34. Nf3 Re7 35. Re1 Qxe1+ 36.
Nxe1 Rxe1+ 37. Kf2  1-0

[Event "Asian Girls Chess Championship 2022"]
[Site "Knights Templar Hotel, Tagaytay City"]
[Date "2022.11.20"]
[Round "2"]
[Board "6"]
[White "Elisabeth, Christine"]
[Black "Tan, Mary Joy"]
[Result "1/2-1/2"]
[WhiteElo "1825"]
[BlackElo "1751"]
[PlyCount "0"]
[EventDate "2022.11.19"]
[EventRounds "9"]
[EventCountry "ACF"]

1. d4 d5 2. Nf3 Nf6 3. c4 e6 4. Nc3 a6 5. Bg5 dxc4 6. a4 Nc6 7. e3 Na5 8. Nd2 c5
9. Nxc4 Nxc4 10. Bxc4 cxd4 11. exd4 Be7 12. O-O O-O 13. Bf4 Qb6 14. Qd2 Rd8 15. Rfd1
Bd6 16. Bxd6 Qxd6 17. Qe2 Nd5 18. Qe4 b6 19. Bd3 f5 20. Qe5 Bb7 21. Nxd5 Qxd5 22.
Bf1 Rac8 23. Rac1 Rc6 24. Qxd5 Rxd5 25. Bc4 Rdd6 26. f3 Rc8 27. b3 Rcd8 28. Re1 Bc8
29. Re5 Rxd4 30. Bxe6+ Bxe6 31. Rxe6 R4d6 32. Rce1 R8d7 33. Kf2 Kf7 34. R6e3 Rd2+
35. R1e2 R2d3 36. f4 h6 37. Rxd3 Rxd3 38. Re3 Rd4 39. Kf3 Kf6 40. Rc3 Rb4  1/2-1/2

[Event "Asian Girls Chess Championship 2022"]
[Site "Knights Templar Hotel, Tagaytay City"]
[Date "2022.11.20"]
[Round "2"]
[Board "7"]
[White "Susmita, Bhowmick"]
[Black "Sadey, Rinoa Mariel"]
[Result "0-1"]
[WhiteElo "1331"]
[BlackElo "1819"]
[PlyCount "0"]
[EventDate "2022.11.19"]
[EventRounds "9"]
[EventCountry "ACF"]

1. d4 c5 2. e3 Nf6 3. Nf3 d5 4. b3 Nc6 5. Bb2 Bg4 6. Be2 e6 7. Nbd2 Bd6 8. O-O O-O
9. c4 cxd4 10. Nxd4 Bxe2 11. Nxc6 Bxh2+ 12. Kh1 bxc6 13. Qxe2 Bd6 14. g3 e5 15. Kg2
Qe7 16. Nf3 h6 17. Rh1 a5 18. Nh4 Qe6 19. Rac1 a4 20. c5 Bc7 21. b4 a3 22. Bc3 Ne4
23. g4 Nxc3 24. Rxc3 Rfb8 25. Rb1 e4 26. Rcc1 Ra4 27. b5 Rxb5 28. Rxb5 cxb5 29. Nf5
Rc4 30. Rxc4 dxc4 31. c6 Kh7 32. Nd4 Qe5 33. Qc2 Qh2+ 34. Kf1 Qh3+ 35. Ke1 Ba5+ 36.
Kd1 Qh1+  0-1

[Event "Asian Girls Chess Championship 2022"]
[Site "Knights Templar Hotel, Tagaytay City"]
[Date "2022.11.20"]
[Round "2"]
[Board "8"]
[White "Dhea, Safitri"]
[Black "Cruz, Daniella Bianca"]
[Result "1-0"]
[WhiteElo "1787"]
[BlackElo "1233"]
[PlyCount "0"]
[EventDate "2022.11.19"]
[EventRounds "9"]
[EventCountry "ACF"]

1. e4 e6 2. d4 d5 3. Nd2 Nf6 4. e5 Nfd7 5. Bd3 c5 6. c3 Nc6 7. Ne2 f6 8. exf6 Qxf6
9. Nf3 Bd6 10. O-O O-O 11. Bg5 Qf7 12. Be3 h6 13. Qc2 c4 14. Bh7+ Kh8 15. Nh4 Ne7
16. f4 Qf6 17. Ng6+ Nxg6 18. Bxg6 b6 19. Rf3 Qe7 20. Raf1 Nf6 21. h3 Bb7 22. Qd2
b5 23. g4 Ne4 24. Qe1 Qf6 25. Bxe4 dxe4 26. g5 hxg5 27. fxg5 Qxf3 28. Qh4+ Kg8 29.
Rxf3 Rxf3 30. g6 Rxe3 31. Qh7+ Kf8 32. Qh8+ Ke7 33. Qxg7+ Kd8 34. Qxb7 Rb8 35. Qxb8+
Bxb8 36. g7 Rxe2 37. g8=Q+ Kc7 38. Qxe6 e3 39. Qf7+ Kb6 40. Qf6+ Kc7 41. Qf4+ Kb6
42. Qxb8+ Kc6 43. Qe8+ Kd5 44. Qh5+  1-0

[Event "Asian Girls Chess Championship 2022"]
[Site "Knights Templar Hotel, Tagaytay City"]
[Date "2022.11.20"]
[Round "3"]
[Board "1"]
[White "Serikbay, Assel"]
[Black "Kairbekova, Amina"]
[Result "1/2-1/2"]
[WhiteElo "2250"]
[BlackElo "2212"]
[PlyCount "0"]
[EventDate "2022.11.19"]
[EventRounds "9"]
[EventCountry "ACF"]

1. d4 Nf6 2. c4 g6 3. g3 Bg7 4. Bg2 O-O 5. Nc3 d6 6. Nf3 c5 7. d5 e6 8. O-O exd5
9. cxd5 Re8 10. Re1 a6 11. a4 Ne4 12. Nxe4 Rxe4 13. Qc2 Rb4 14. Ra2 Qe8 15. Nd2 b5
16. axb5 Bf5 17. e4 Bd7 18. b3 Bxb5 19. Ba3 Rd4 20. Nf3 Rd3 21. e5 dxe5 22. Ng5 Nd7
23. Be4 Rd4 24. Bb2 h6 25. Bxd4 cxd4 26. Nf3 f5 27. Bd3 Rc8 28. Qd1 Qf7 29. Bc4 Bxc4
30. bxc4 Rxc4 31. Rxa6 e4 32. Nd2 Rc3 33. Qa4 Qxd5 34. Qa2 Qxa2 35. Rxa2 Ne5 36.
Rb1 e3 37. fxe3 dxe3 38. Nf1 g5 39. Rb7 Nf3+ 40. Kg2 Rc2+ 41. Kxf3 Rxa2 42. Kxe3
Kh7 43. Rb6 Ra3+ 44. Ke2 Ra2+ 45. Ke3 h5 46. h3 Ra3+ 47. Ke2 f4 48. gxf4 gxf4 49.
Rb4 Be5 50. Nd2 Kg6 51. Nf3 Ra2+ 52. Kd3 Bc7 53. Rb7 Ra3+ 54. Ke2 Bd8 55. Rb4 Ra2+
56. Kd3 Rf2 57. Rxf4 Ra2  1/2-1/2

[Event "Asian Girls Chess Championship 2022"]
[Site "Knights Templar Hotel, Tagaytay City"]
[Date "2022.11.20"]
[Round "3"]
[Board "2"]
[White "Bach, Ngoc Thuy Duong"]
[Black "Rakshitta, Ravi"]
[Result "1/2-1/2"]
[WhiteElo "2164"]
[BlackElo "2219"]
[PlyCount "0"]
[EventDate "2022.11.19"]
[EventRounds "9"]
[EventCountry "ACF"]

1. d4 Nf6 2. c4 e6 3. Nf3 d5 4. Nc3 c5 5. cxd5 Nxd5 6. e4 Nxc3 7. bxc3 cxd4 8. cxd4
Bb4+ 9. Bd2 Bxd2+ 10. Qxd2 O-O 11. Bc4 Nd7 12. O-O b6 13. Rad1 Bb7 14. Rfe1 Rc8 15.
Bd3 Re8 16. Qf4 Qc7 17. Qh4 h6 18. h3 Nf6 19. Nh2 e5 20. d5 Qd6 21. Nf1 Rc3 22. Ne3
Bc8 23. Bb5 Rd8 24. Bd3 Qb4 25. Bb1 Bd7 26. f4 Re8 27. fxe5 Rxe5 28. Qf4 Re8 29.
Rf1 Qc5 30. Rde1 Re7 31. Kh1 Bb5 32. Nf5 Bxf1 33. Nxe7+ Qxe7 34. Rxf1 Nd7 35. Rd1
Qe5 36. Qh4 Qg5 37. Qxg5 hxg5 38. Bd3 Kf8 39. d6 Ne5 40. Bb5 Rc8 41. d7 Rd8 42. Rc1
Ke7 43. Rc7 a6 44. Bxa6 Rxd7 45. Rc2 Ra7 46. Bb5 Ra5 47. a4 Ra7 48. Kg1 f6 49. Kf2
Kd6 50. Rd2+ Ke6 51. Rc2 Rb7 52. Ke3 Re7 53. Kd4 Rb7 54. Rc8 Kd6 55. Rd8+ Ke7 56.
Rc8 Kd6 57. Rd8+ Ke7 58. Rc8 Kd6  1/2-1/2

[Event "Asian Girls Chess Championship 2022"]
[Site "Knights Templar Hotel, Tagaytay City"]
[Date "2022.11.20"]
[Round "3"]
[Board "3"]
[White "Mahdian, Anousha"]
[Black "Nurgali, Nazerke"]
[Result "0-1"]
[WhiteElo "2081"]
[BlackElo "2197"]
[PlyCount "0"]
[EventDate "2022.11.19"]
[EventRounds "9"]
[EventCountry "ACF"]

1. d4 d5 2. Nf3 Nf6 3. Bf4 e6 4. e3 c5 5. c3 Nc6 6. Nbd2 Nh5 7. Bg5 Be7 8. Bxe7 Qxe7
9. Ne5 Nf6 10. Bb5 Bd7 11. Nxd7 Nxd7 12. Qa4 Qd6 13. Qa3 O-O 14. Nb3 b6 15. Ba6 Rab8
16. O-O Qc7 17. dxc5 bxc5 18. Nxc5 Nxc5 19. Qxc5 Qb6 20. Qa3 Qxb2 21. Qa4 Qb6 22.
Rac1 Ne5 23. h3 h6 24. Rfd1 Rfd8 25. Bf1 Rdc8 26. Qd4 Nc4 27. e4 Nb2 28. Qxb6 Rxb6
29. Rd4 dxe4 30. Rxe4 g6 31. Rd4 Rc7 32. Rc2 Kg7 33. h4 h5 34. g3 e5 35. Rd5 Kf6
36. Ra5 e4 37. Re2 Nc4 38. Ra4 Rb1 39. Kg2 Nd6 40. Rd2 Rb6 41. c4 Nf5 42. c5 Re6
43. Re2 e3 44. Re1 Rxc5 45. Bd3 exf2 46. Rxe6+ fxe6 47. Kxf2 a5 48. Bxf5 gxf5 49.
Ra3 e5 50. Ke3 Ke6 51. Rb3 a4 52. Rb6+ Kd5 53. Rf6 Rc3+ 54. Kd2 Rf3 55. Rh6 Rxg3
56. Rxh5 f4 57. Rh8 Ke4 58. h5 Rg2+ 59. Kd1 f3 60. h6 f2 61. Rf8 Rg3 62. Kd2 Rh3
63. Ke2 Rxh6 64. Ra8 Rf6 65. Rxa4+ Kd5 66. Ra5+ Kc4 67. Kf1 e4 68. Ra8 Kd3 69. Rd8+
Ke3 70. Rh8 Rf3 71. a4 Rg3  0-1

[Event "Asian Girls Chess Championship 2022"]
[Site "Knights Templar Hotel, Tagaytay City"]
[Date "2022.11.20"]
[Round "3"]
[Board "4"]
[White "Sadey, Rinoa Mariel"]
[Black "Zahedifar, Anahita"]
[Result "1/2-1/2"]
[WhiteElo "1819"]
[BlackElo "2121"]
[PlyCount "0"]
[EventDate "2022.11.19"]
[EventRounds "9"]
[EventCountry "ACF"]

1. e4 c6 2. Nc3 d5 3. Nf3 dxe4 4. Nxe4 Nf6 5. Qe2 Na6 6. d3 Nxe4 7. dxe4 e5 8. Bd2
Qb6 9. O-O-O Be6 10. Nxe5 Nb4 11. Bxb4 Bxb4 12. Nc4 Qc7 13. a3 Be7 14. Qe3 b5 15.
Nd2 O-O 16. f4 b4 17. a4 Qa5 18. b3 Bg4 19. Re1 Bh4 20. g3 Be7 21. Nc4 Qc7 22. h3
Be6 23. Bd3 Rad8 24. e5 Bd5 25. Rh2 Rfe8 26. Rhe2 h6 27. h4 Qd7 28. f5 Bxc4 29. Bxc4
Qd4 30. Qxd4 Rxd4 31. f6 Bd8 32. e6 fxe6 33. Rxe6 Rxe6 34. Rxe6 Bxf6 35. Re8+ Kh7
36. Bd3+ g6 37. h5 Kg7 38. hxg6 Rg4 39. Rc8 Be5 40. Rxc6 Rxg3 41. Kd2 h5 42. Ra6
Bd4 43. Rd6 Rg2+ 44. Ke1 Rg1+ 45. Kd2 Rg4 46. Rd7+ Kf6 47. g7 Bc3+ 48. Rxa7 Rxg7+
49. Rxg7 Kxg7+ 50. Be4 Kf6+  1/2-1/2

[Event "Asian Girls Chess Championship 2022"]
[Site "Knights Templar Hotel, Tagaytay City"]
[Date "2022.11.20"]
[Round "3"]
[Board "5"]
[White "Tan, Mary Joy"]
[Black "Asgharzadeh, Mitra"]
[Result "0-1"]
[WhiteElo "1751"]
[BlackElo "2001"]
[PlyCount "0"]
[EventDate "2022.11.19"]
[EventRounds "9"]
[EventCountry "ACF"]

1. Nf3 Nf6 2. d4 g6 3. c4 Bg7 4. Nc3 O-O 5. g3 d6 6. Bg2 Nbd7 7. O-O e5 8. e4 Re8
9. h3 exd4 10. Nxd4 Nc5 11. Re1 a5 12. Qc2 c6 13. Be3 Bd7 14. Rad1 Qe7 15. Bf4 Rad8
16. Nb3 Be6 17. Nxa5 Nh5 18. Bd2 Qc7 19. b4 Na6 20. Ne2 Qb6 21. a3 Nc7 22. g4 Nf6
23. Bf4 c5 24. Be3 Nd7 25. e5 Nxe5 26. Nxb7 Rb8 27. bxc5 dxc5 28. Rb1 Qa7 29. Bxc5
Qa6 30. Rb6 Qxc4 31. Qxc4 Nxc4 32. Rbb1 Bd5 33. Bxd5 Nxd5 34. Rbc1 Ne5 35. Red1 Bh6
36. Nd6 Nf6 37. Kf1 Bxc1 38. Rd5 Bb2 39. Nf4 Red8 40. Kg2 Ne4 41. Bb4 Ra8  0-1

[Event "Asian Girls Chess Championship 2022"]
[Site "Knights Templar Hotel, Tagaytay City"]
[Date "2022.11.20"]
[Round "3"]
[Board "6"]
[White "Bhagyashree, Patil"]
[Black "Dhea, Safitri"]
[Result "1-0"]
[WhiteElo "1921"]
[BlackElo "1787"]
[PlyCount "0"]
[EventDate "2022.11.19"]
[EventRounds "9"]
[EventCountry "ACF"]

1. e4 e5 2. Nf3 Nc6 3. Bc4 Nf6 4. d3 Bc5 5. c3 a6 6. Bb3 Ba7 7. O-O h6 8. Nbd2 O-O
9. Re1 Ng4 10. Re2 d6 11. Nf1 Be6 12. h3 Nf6 13. Ng3 Re8 14. Qe1 Nd7 15. Be3 Qf6
16. Nh1 Nc5 17. Bc2 d5 18. Bxc5 Bxc5 19. d4 dxe4 20. Nxe5 Nxe5 21. dxc5 Nd3 22. Bxd3
exd3 23. Re3 Red8 24. Qd2 Rd7 25. b3 Rad8 26. Rae1 Qg5  1-0